LOL LEC Spring 2024 - Statistiques

Statistiques générales
  • Ce quiz a été pris 237 fois
  • Le résultat moyen est 33 sur 50
Statistiques - réponses
Hint Réponse % Correct
MID Caps
96%
MID Saken
96%
SUPP Targamas
95%
ADC Upset
94%
TOP Cabochard
93%
ADC Hans Sama
92%
TOP BrokenBlade
91%
TOP ADAM
90%
JGL Bo
88%
JGL Yike
88%
MID Humanoid
85%
SUPP Mikyx
85%
MID Nisqy
84%
MID Nuc
83%
JGL Razork
82%
JGL Sheo
80%
SUPP Jun
79%
ADC Noah
79%
JGL Isma
74%
TOP Oscarinin
74%
ADC Ice
72%
SUPP Labrov
72%
ADC Supa
71%
MID Vetheo
70%
SUPP Alvaro
69%
JGL Elyoya
68%
MID Larssen
66%
ADC Exakick
65%
TOP Irrelevant
65%
ADC Carzzy
64%
JGL Jankos
63%
SUPP Hylissang
62%
SUPP Doss
59%
MID Jackies
59%
TOP Photon
57%
ADC Patrik
56%
TOP Wunder
55%
JGL Daglas
53%
MID Fresskowy
52%
TOP Odoamne
48%
SUPP Zoelys
48%
ADC Comp
47%
ADC Flakked
45%
TOP Myrwn
42%
SUPP Trymbi
37%
JGL Markoon
33%
TOP Finn
27%
SUPP Ignar
27%
JGL Peach
26%
MID Zwyroo
23%
Aucun quiz correspondant
Distribution des résultats
% des personnes avec chaque résultat
Percentile par nombre de réponses
Votre historique - résultats
Vous n’avez pas pris ce quiz